| 000 | 00453nam a22001817a 4500 | ||
|---|---|---|---|
| 003 | MPLRDC | ||
| 005 | 20220104144437.0 | ||
| 008 | 210129b ||||| |||| 00| 0 eng d | ||
| 020 | _a983-50-1635-6 | ||
| 082 | _a859.6 QZTS v.5 | ||
| 100 | _a马汉著 | ||
| 245 |
_a小刺猬豪豪的烦恼 _c |
||
| 260 |
_a _b彩虹出版有限公司 _c |
||
| 300 | _b平 | ||
| 490 | _a大自然亲子图书 | ||
| 650 | _a亲子故事 | ||
| 942 |
_cBK _o859.6 QZTS v.5 |
||
| 999 |
_c49673 _d49663 |
||